| 000 | 01570 a2200289 4500 | ||
|---|---|---|---|
| 003 | OSt | ||
| 005 | 20180116192336.0 | ||
| 008 | 120524t xxu||||| |||| 00| 0 eng d | ||
| 020 | _a0741419297 (paperback) | ||
| 020 | _a9780741419293 (paperback) | ||
| 040 | _c0 | ||
| 082 | 0 | 4 | _a720 |
| 100 | 1 |
_aSalu, Yehuda. _91780 |
|
| 245 | 1 | 0 |
_aPhysics for architects : _b2nd edition / _cYehuda Salu. |
| 250 | _a2nd ed. | ||
| 260 |
_aLondon: _bInfinity Publishing, _c2009. |
||
| 300 |
_a354 p. : _c28 cm. |
||
| 500 | _aIncludes index | ||
| 520 | _aThis textbook was written to answer the needs of architecture students and architects. Physics principles and concepts are explained in plain language, and their relevancy to applications in architecture is demonstrated by numerous examples and solved problems. An algebra and trigonometry refreshment chapter reviews the math skills essential for the rest of the book. Practical engineering methods are included, in addition to the more traditional "strictly physics" curriculum. This textbook is a valuable resource to architecture students throughout their schooling and in their professional careers. | ||
| 650 | 0 |
_aPhysics _91781 |
|
| 650 | 0 |
_aArchitecture _91782 |
|
| 856 | 4 | 0 |
_3Amazon.com _uhttp://www.amazon.com/exec/obidos/ASIN/0741419297/chopaconline-20 |
| 942 |
_aSADA _cBK _k720 SAL 2009 _2ddc |
||
| 999 |
_c352489 _d352489 |
||